La vaca y la hierba : cómo obtener buenos rendimientos del ganado vacuno /
Guardado en:
| Autor Principal: | |
|---|---|
| Otros Autores: | |
| Formato: | Libro |
| Publicado: |
Madrid :
Tecnos,
1971
|
| Materias: | |
| Etiquetas: |
Agregar Etiqueta
Sin Etiquetas, Sea el primero en etiquetar este registro!
|
| LEADER | 01415nam a22001815a 4500 | ||
|---|---|---|---|
| 001 | CEM.cems018020 | ||
| 005 | 20130530084402.0 | ||
| 008 | 130507s1971##################000#0#####d | ||
| 003 | CEMS | ||
| 082 | 0 | 4 | |a 633.2 |
| 100 | 1 | |a Voisin, Andre | |
| 245 | 1 | 0 | |a La vaca y la hierba : |b cómo obtener buenos rendimientos del ganado vacuno / |c Andre Voisin y A. Lecomte |
| 260 | |a Madrid : |b Tecnos, |c 1971 | ||
| 300 | |a 127 p. | ||
| 505 | 0 | |a La hierba está hecha para la vaca y no la vaca para la hierba -- Debemos administrar las fuerzas de la hierba como hacen los atletas -- Hay que ayudar a la vaca para que recolecte la máxima cantidad de hierba de la mejor calidad posible -- El factor "tiempo" debe gobernar en forma absoluta sobre el pastoreo racional -- Compensación de las fluctuaciones estacionales de producción -- El número y no la superficie de las parcelas es la base de un plan de pastoreo racional -- La superficie de cada parcela y la carga de animales no pueden ser determinadas más que experimentalmente -- Las cercas y el plan de división -- La hierba manda y el pasticultor ordena la conducción del pastoreo -- Errores que hay que evitar -- Un buen pastoreo mejora la flora -- Los pastos permanentes y temporales no se excluyen mutuamente -- Diez reglas básicas que no deben olvidarse jamás | |
| 653 | |a Pastoreo | ||
| 700 | 1 | |a Lecomte, A. | |
| 859 | |a CEMS |b BIB. CEMS - Agricultura |h 633.2 |i V877-2 |p A1890.13 |t Ej.1 | ||
